000 00543nam a2200181Ia 4500
001 8308
005 20260306160559.0
008 260306t2017||||xx |||||||||||||| ||spa||
041 _aESP
082 _a370.153
_bG23
100 _aGarcía-Campayo, Javier
_eAUT
245 0 _aBienestar emocional y mindfulness en la educación:
_brevolucionemos la sociedad del futuro a través de la educación emocional en las escuelas
260 _c2017
300 _a425 páginas :
_c23 cm.
650 _aGEN
654 _aCED
942 _cLIB
_dJUS
_fJUS
_2ddc
_n
999 _c8308
_d8308